[Event "Ikaros Festival"]
[Site "Agios Kirykos GRE"]
[Date "2007.07.11"]
[Round "5"]
[White "Kourousis,E"]
[Black "Kanakaris,G"]
[Result "1/2-1/2"]
[WhiteElo "2076"]
[BlackElo "2216"]

1.d4 d5 2.c4 c6 3.Nf3 Nf6 4.Nc3 a6 5.a4 e6 6.Bg5 Nbd7 7.e3 Qa5 8.Nd2 Bb4
9.Qc2 c5 10.Nb3 Qc7 11.Bxf6 Nxf6 12.Nxc5 Bxc5 13.dxc5 Qxc5 14.cxd5 Nxd5 15.Be2 Nxc3
16.Qxc3 Qxc3+ 17.bxc3 Kd7 18.Rb1 Kc7 19.Bf3 Rb8 20.Kd2 Bd7 21.Rb4 Rhd8 22.Kc2 Bc6
23.Rc4 Rd6 24.Rd1 Rxd1 25.Kxd1 Rd8+ 26.Kc2 e5 27.Bxc6 bxc6 28.Rg4 g6 29.Rb4 f5
30.h4 h6 31.Rb1 Rd7 32.c4 a5 33.Rd1 Rxd1 34.Kxd1 Kd6 35.Kd2 Kc5 36.Kc3 g5
37.hxg5 hxg5 38.g3 g4 39.Kb3 f4 40.Kc3 fxe3 41.fxe3  1/2-1/2

[Event "6th Open"]
[Site "La Fere FRA"]
[Date "2007.07.12"]
[Round "8"]
[White "Delorme,L"]
[Black "Sanduleac,V"]
[Result "0-1"]
[WhiteElo "2040"]
[BlackElo "2431"]

1.d4 d5 2.c4 c6 3.Nc3 Nf6 4.Nf3 a6 5.e3 b5 6.b3 Bg4 7.Be2 e6 8.O-O Nbd7 9.Bb2 Qb8
10.Qc1 Bd6 11.h3 Bh5 12.Re1 O-O 13.Nd2 Bg6 14.c5 Bc7 15.f4 a5 16.a3 Qd8 17.Nf3 Qe7
18.Nd1 Ne4 19.Nf2 Nxf2 20.Kxf2 f6 21.Bd1 Rae8 22.Bc2 Qf7 23.g3 Bxc2 24.Qxc2 e5
25.Kg2 Re7 26.Bc3 Rfe8 27.Qd2 Qg6 28.Kf2 Rd8 29.Rac1 a4 30.b4 Rde8 31.Qc2 exf4
32.exf4 Rxe1 33.Nxe1 Qh5 34.Nf3 Qxh3 35.Qb1 Nf8 36.Rh1 Qg4 37.Rh4 Qe6 38.Qd3 Qe4
39.Qd2 Qf5 40.Rh1 Ng6 41.Re1 Rxe1 42.Qxe1 Kf7 43.Qe2 Qe4 44.Qxe4 dxe4 45.Nd2 f5
46.Nf1 Ne7 47.Ne3 Ke6 48.Bd2 Nd5 49.Ng2 Bd8 50.Ke2 Nf6  0-1

[Event "Zudov Mem B"]
[Site "Nizhnij Tagil RUS"]
[Date "2007.07.12"]
[Round "6"]
[White "Kuligin,E"]
[Black "Skurygin,A"]
[Result "1/2-1/2"]
[WhiteElo "2355"]
[BlackElo "2327"]

1.Nf3 d5 2.d4 c6 3.c4 Nf6 4.Nc3 a6 5.c5 g6 6.Bf4 Nh5 7.Bg5 h6 8.Bd2 Nf6 9.h3 Bg7
10.g3 O-O 11.Bg2 Nbd7 12.O-O Re8 13.Bf4 Nh5 14.Be3 Kh7 15.g4 Nhf6 16.Ne5 Nxe5
17.dxe5 Ne4 18.Bd4 Nxc3 19.bxc3 f6 20.exf6 exf6 21.Rb1 Qe7 22.e3 Be6 23.h4 Qd7
24.f3 f5 25.g5 Re7 26.gxh6 Bxh6 27.f4 Bf7 28.Rf3 Rae8 29.Bf1 Bg7 30.Bxg7 Kxg7
31.Qd4+ Kh7 32.Bd3 Rg8 33.Rg3 Be6 34.Kf2 Rgg7 35.Rbg1 Ref7 36.Rg5 Qe7 37.h5 gxh5
38.Rxh5+ Kg8 39.Rgh1 Rh7 40.Qe5 Bc8 41.Rg5+ Rhg7 42.Rgh5 Rh7  1/2-1/2

[Event "XXII Tadeusz Gniota Mem"]
[Site "Police POL"]
[Date "2007.07.12"]
[Round "2"]
[White "Radwan,L"]
[Black "Ciszewski,E"]
[Result "1/2-1/2"]
[WhiteElo "2170"]
[BlackElo "1993"]

1.Nf3 d5 2.d4 Nf6 3.c4 c6 4.Nc3 a6 5.e3 b5 6.c5 Bg4 7.Be2 Nbd7 8.O-O Bxf3
9.Bxf3 e5 10.g3 g6 11.a3 e4 12.Bg2 Bg7 13.Na2 O-O 14.Bd2 Ne8 15.b4 f5 16.Nc1 Ndf6
17.Nb3 Nc7 18.Na5 Qd7 19.a4 Ne6 20.Qe2 Rfe8 21.Ra2 g5 22.f4 g4 23.Rfa1 Reb8
24.Nb3 Nc7 25.Bf1 Kf7 26.Be1 h5 27.Na5 Kg6 28.Qb2 Ng8 29.Ra3 Ne7 30.R1a2 Qc8
31.Qa1 Bf6 32.Nb3 Kg7 33.axb5  1/2-1/2

[Event "ChIP"]
[Site "Paris FRA"]
[Date "2007.07.13"]
[Round "7"]
[White "Lupu,MS"]
[Black "Delorme,Ax"]
[Result "1/2-1/2"]
[WhiteElo "2450"]
[BlackElo "2317"]

1.d4 d5 2.c4 c6 3.Nc3 Nf6 4.Nf3 a6 5.e3 b5 6.c5 g6 7.Bd2 Bg7 8.b4 Ne4 9.a4 Nxd2
10.Qxd2 Bb7 11.Be2 O-O 12.O-O Nd7 13.Ra3 Qc7 14.Rfa1 e5 15.axb5 axb5 16.Bxb5 Rxa3
17.Rxa3 cxb5 18.Nxb5 Qb8 19.Nd6 exd4 20.exd4 Nb6 21.b5 Nc4 22.Nxc4 dxc4 23.c6 Ba8
24.Qa2 Qxb5 25.Rxa8 Qxc6 26.Ra5 Qb6 27.Rc5 Bxd4 28.Rxc4 Qb2 29.Qxb2 Bxb2
30.h4 h5 31.g3 Bf6 32.Kg2  1/2-1/2

[Event "FSIMB July"]
[Site "Budapest HUN"]
[Date "2007.07.14"]
[Round "8"]
[White "Mathe,Ga"]
[Black "Farago,S"]
[Result "1-0"]
[WhiteElo "2342"]
[BlackElo "2296"]

1.d4 d5 2.c4 c6 3.Nc3 Nf6 4.Nf3 a6 5.b3 Bf5 6.g3 e6 7.Bg2 Bb4 8.Bd2 Qa5 9.Qc1 Ne4
10.Nxe4 Bxe4 11.O-O Bxd2 12.Qxd2 Qxd2 13.Nxd2 Bxg2 14.Kxg2 Nd7 15.Rfc1 f5
16.f3 Nf6 17.e4 fxe4 18.fxe4 dxe4 19.Re1 O-O-O 20.Nxe4 Rhe8 21.Nxf6 gxf6
22.Re4 c5 23.Rae1 Kd7 24.dxc5 e5 25.Rh4 Kc6 26.Rf1 Rd2+ 27.Rf2 Rxf2+ 28.Kxf2 Kxc5
29.Rxh7 b5 30.Ke3 Kb4 31.Ke4 bxc4 32.Rb7+ Ka3 33.bxc4 f5+ 34.Kxf5 e4 35.Rb3+ Kxa2
36.Re3 a5 37.Rxe4 Rf8+ 38.Ke6 a4 39.c5 a3 40.Rb4 Rf2 41.c6 Rc2 42.Kd7 Rd2+
43.Kc8 Rb2 44.Rb7 Rxh2 45.c7 Rh8+ 46.Kd7 Rh7+ 47.Kd6 Rh6+ 48.Kd5 Rh5+ 49.Kd4  1-0

[Event "33rd Open"]
[Site "Sitges ESP"]
[Date "2007.07.20"]
[Round "3"]
[White "Barsov,A"]
[Black "Cuartas,Jo"]
[Result "1-0"]
[WhiteElo "2517"]
[BlackElo "2236"]

1.d4 d5 2.c4 c6 3.Nf3 Nf6 4.Nc3 a6 5.a4 Bf5 6.Qb3 Ra7 7.e3 e6 8.a5 Nbd7 9.Nh4 Bg4
10.h3 Bh5 11.g4 Ne4 12.Nxe4 Qxh4 13.cxd5 exd5 14.Ng3 Bg6 15.Bd3 Bxd3 16.Qxd3 g6
17.e4 Bb4+ 18.Kf1 O-O 19.exd5 cxd5 20.Qb3 Bd6 21.Qxd5 Qe7 22.Bg5 Qe6 23.Qxe6 fxe6
24.Ne4 Bf4 25.Kg2 Raa8 26.Ra3 h6 27.Be7 Rf7 28.Bb4 Nb8 29.Rd1 Nc6 30.Bc5 Bc7
31.b4 Rd8 32.Rad3 Rdd7 33.d5 exd5 34.Rxd5 Rxd5 35.Rxd5 Kg7 36.Nc3 Kh7 37.Rd3 Ne5
38.Re3 Rd7 39.f4 Nc4 40.Rf3  1-0

[Event "Czech Open GMA"]
[Site "Pardubice CZE"]
[Date "2007.07.21"]
[Round "2"]
[White "Stocek,J"]
[Black "Cerveny,P"]
[Result "1-0"]
[WhiteElo "2572"]
[BlackElo "2295"]

1.d4 d5 2.c4 c6 3.Nf3 Nf6 4.Nc3 a6 5.h3 e6 6.e3 Nbd7 7.c5 g6 8.Bd3 Bg7 9.O-O O-O
10.b4 Re8 11.Bb2 e5 12.Nxe5 Nxe5 13.dxe5 Rxe5 14.Na4 Re8 15.Bd4 Ne4 16.Bxe4 Rxe4
17.Nc3 Re8 18.Bxg7 Kxg7 19.Qd4+ Qf6 20.Rfd1 Bf5 21.a3 Re7 22.a4 Bc2 23.Rd2 Qxd4
24.Rxd4 Ree8 25.Rc1 Bf5 26.g4 Be4 27.a5 f5 28.Kh2 Rf8 29.Kg3 fxg4 30.Nxe4 dxe4
31.hxg4 Rae8 32.Rd7+ Rf7 33.Rxf7+ Kxf7 34.Kf4 Kf6 35.g5+ Kg7 36.Rd1 Rf8+
37.Kxe4 Rxf2 38.Rd7+ Rf7 39.Rxf7+ Kxf7 40.Ke5 Kg7 41.e4  1-0

[Event "Quebec Open"]
[Site "Montreal CAN"]
[Date "2007.07.22"]
[Round "3"]
[White "Gerzhoy,L"]
[Black "Cheng,Bi"]
[Result "1/2-1/2"]
[WhiteElo "2407"]
[BlackElo "2238"]

1.Nf3 d5 2.d4 Nf6 3.c4 c6 4.Nc3 a6 5.e3 g6 6.Be2 Bg7 7.O-O O-O 8.b3 Bf5 9.Bb2 Ne4
10.Nxe4 Bxe4 11.Nd2 Bf5 12.Bf3 a5 13.e4 Be6 14.Re1 a4 15.exd5 cxd5 16.cxd5 Bxd5
17.Bxd5 Qxd5 18.Nc4 Qd8 19.bxa4 Nc6 20.Qb3 Nxd4 21.Bxd4 Qxd4 22.Rad1 Qa7
23.Nb6 Rad8 24.Rxd8 Rxd8 25.Rxe7 Kh8 26.g3 Qa6 27.Kg2 Bf6 28.Rxf7 Bd4 29.Nc4 Qc6+
30.Rf3 b6 31.h4 Rf8 32.Nd2 Ra8 33.Qb5 Qxb5 34.axb5 Rxa2 35.Ne4 Rb2 36.Ng5 Kg8
37.Ne6 Bc5 38.Nc7 Bd4 39.Ne6 Bc5 40.Nc7 Bd4 41.g4 Be5 42.Ne6 Bd6 43.Rd3  1/2-1/2

[Event "11th Festival Open A"]
[Site "Senta SRB"]
[Date "2007.07.22"]
[Round "2"]
[White "Arbutina,S"]
[Black "Guzsvany,A"]
[Result "1/2-1/2"]
[WhiteElo "2320"]
[BlackElo "2049"]

1.d4 d5 2.c4 c6 3.Nc3 Nf6 4.Nf3 a6 5.a4 e6 6.Bf4 c5 7.e3 Nc6 8.Be2 Be7 9.dxc5 Bxc5
10.O-O O-O 11.cxd5 Nxd5 12.Nxd5 exd5 13.Rc1 Bd6 14.Bxd6 Qxd6 15.Qb3 Rb8 16.Qb6 Bd7
17.Rc5 Rfc8 18.b4 Qe7 19.b5 axb5 20.axb5 Qd8 21.Qxd8+ Nxd8 22.Rxd5 Bg4 23.h3 Bxf3
24.Bxf3 b6 25.Rfd1 Nb7 26.Rd7 Nc5 27.R7d6 Kf8 28.Bg4 Rc7 29.Rd8+ Rxd8 30.Rxd8+ Ke7
31.Rb8 Rb7 32.Rh8 h6 33.Bf3 Ra7 34.Rb8 Na4 35.Bc6 Kd6 36.Rd8+ Kc5 37.Rd3 Kb4
38.Rd4+ Kc5 39.Rd2 Nc3 40.Rc2 Kb4 41.g4 f6 42.h4 Ra2 43.Rxa2 Nxa2 44.Kg2 Nc3
45.Kf3 Nxb5 46.Kf4 Nd6 47.g5 hxg5+ 48.hxg5 Kc5 49.Bf3 b5 50.gxf6 gxf6 51.Bd1 b4
52.Bb3 Ne8 53.f3 Nd6 54.Ba2 Nc4  1/2-1/2

[Event "11th Festival Open A"]
[Site "Senta SRB"]
[Date "2007.07.22"]
[Round "3"]
[White "Lajthajm,B"]
[Black "Radlovacki,J"]
[Result "1/2-1/2"]
[WhiteElo "2511"]
[BlackElo "2394"]

1.d4 c6 2.c4 d5 3.Nc3 Nf6 4.Nf3 a6 5.cxd5 cxd5 6.Bf4 e6 7.e3 Nc6 8.Bd3 Be7
9.O-O Nh5 10.Be5 f5 11.Rc1 O-O 12.Na4 Nf6 13.Bg3 Ne4 14.Ne5 Nxe5 15.Bxe5 Bd6
16.Bxe4 fxe4 17.Bxd6 Qxd6 18.Qc2 b5 19.Qc5 Qd8 20.Nc3 Rb8 21.Ne2 Rb7 22.f3 exf3
23.Rxf3 Rxf3 24.gxf3 Bd7 25.Qd6 Qf8 26.Qxa6 Qb8 27.Qa5 Ra7 28.Qb4 Rxa2 29.Qe7 Qe8
30.Qxe8+ Bxe8 31.Nf4 Bg6 32.Nxg6 hxg6 33.Rc2 Ra4 34.Kf2 Rb4 35.h4 Kf7 36.Kg3 Kf6
37.Kg4 Rc4 38.Rd2 Rb4 39.e4 dxe4 40.fxe4 e5 41.dxe5+ Kxe5 42.Re2 Rb3 43.Rg2 Kxe4
44.Kg5 Rh3 45.Rg4+ Kf3 46.Rf4+ Ke3 47.Rg4 Kf3 48.Rf4+  1/2-1/2

[Event "33rd Open"]
[Site "Sitges ESP"]
[Date "2007.07.22"]
[Round "5"]
[White "Beltran Rueda,S"]
[Black "Cuartas,Jo"]
[Result "0-1"]
[WhiteElo "2423"]
[BlackElo "2236"]

1.Nf3 d5 2.d4 Nf6 3.c4 c6 4.Nc3 a6 5.e3 b5 6.b3 Bg4 7.h3 Bxf3 8.Qxf3 e6 9.c5 g6
10.a4 Nbd7 11.Be2 b4 12.Na2 a5 13.Bb2 Bg7 14.Nc1 Ne4 15.Nd3 Qe7 16.O-O-O e5
17.Ne1 Ng5 18.Qg3 exd4 19.exd4 Qxe2 20.Qxg5 Nxc5 21.Qe3+ Qxe3+ 22.fxe3 Ne4
23.Nd3 Bh6 24.Rhe1 f6 25.Kb1 Bf8 26.Rc1 Kd7 27.Rc2 Bd6 28.Rd1 h5 29.Nf2 Nxf2
30.Rxf2 f5 31.Kc2 Rae8 32.Kd3 Re4 33.Bc1 Rhe8 34.Rc2 Rc8 35.Bd2 Ree8 36.Be1 c5
37.dxc5 Bxc5 38.Bd2 Bb6 39.Rxc8 Rxc8 40.Rc1 Re8 41.Rf1 Re4 42.Rf4 Ke6 43.Bc1 Bc7
44.Rf3 Be5 45.Rf2 Bc3 46.Rf3 Be5 47.Rf2 Bc3 48.Rf3 Kf6 49.Rf4 g5 50.Rf1 h4
51.Rf3 Ke6 52.Rf1 Ke5 53.Rf3 Ke6 54.Rf2 g4 55.Rf4 Be5 56.Rxe4 dxe4+ 57.Kc4 Bc7
58.Kb5 f4 59.exf4 Kf5 60.Be3 Bxf4 61.Bf2 e3 62.hxg4+ Kxg4  0-1

[Event "11th Festival Open A"]
[Site "Senta SRB"]
[Date "2007.07.23"]
[Round "4"]
[White "Cvetkovic,N"]
[Black "Guzsvany,A"]
[Result "1-0"]
[WhiteElo "2276"]
[BlackElo "2049"]

1.d4 d5 2.c4 c6 3.Nc3 Nf6 4.Nf3 a6 5.e3 b5 6.cxd5 cxd5 7.Bd3 e6 8.O-O Nbd7
9.Ne5 Bd6 10.f4 O-O 11.Bd2 Bb7 12.Be1 Ne4 13.Nxe4 dxe4 14.Be2 f6 15.Ba5 Qe7
16.Nxd7 Qxd7 17.Rc1 Rfc8 18.Qd2 Bd5 19.a3 Rxc1 20.Rxc1 Rc8 21.Kf2 Rxc1 22.Qxc1 e5
23.dxe5 fxe5 24.Qd2 Qf7 25.g3 exf4 26.gxf4 g5 27.Bh5 Qf5 28.Bg4 Qf7 29.f5 h5
30.Bxh5 Qxf5+ 31.Kg1 Bc4 32.Qg2 Bc5 33.Bd2 Bf7 34.Be2 Kf8 35.Qg3 Qf4 36.Qh3 Ke7
37.Kg2 Qd6 38.Bc3 Qe6 39.Qg3 Qf5 40.Bg4 Qd5 41.Qc7+ Ke8 42.Qc8+ Ke7 43.Qxa6 Bxe3
44.Bb4+ Bc5 45.Qa7+ Kd6 46.Qb6+ Ke5 47.Qxc5 e3+ 48.Bf3  1-0

[Event "33rd Open"]
[Site "Sitges ESP"]
[Date "2007.07.23"]
[Round "6"]
[White "De Haan,E"]
[Black "Burmakin,V"]
[Result "0-1"]
[WhiteElo "2325"]
[BlackElo "2581"]

1.d4 c6 2.c4 Nf6 3.Nc3 d5 4.Nf3 a6 5.c5 Nbd7 6.Bf4 g6 7.h3 Bg7 8.e3 O-O 9.Be2 Ne8
10.O-O Nc7 11.Bg3 Re8 12.Na4 Ne6 13.Rc1 Nef8 14.b4 f5 15.Qb3 e5 16.dxe5 Nxe5
17.Nb6 Ra7 18.Nxe5 Bxe5 19.Bxe5 Rxe5 20.Qc3 Re8 21.Rfd1 Qg5 22.g3 Be6 23.Bf3 Qe7
24.Bg2 Nd7 25.Nxd7 Qxd7 26.h4 Raa8 27.a4 Qe7 28.Rb1 Qg7 29.Qxg7+ Kxg7 30.Kf1 Kf6
31.Ke2 h6 32.Kd3 f4 33.Kd4 Bg4 34.Re1 f3 35.Bf1 Bf5 36.Rb2 Re4+ 37.Kc3 d4+
38.Kd2 Rd8 39.Kc1 dxe3 40.Rxe3 Red4 41.Re1 g5 42.hxg5+ hxg5  0-1

[Event "Najdorf Mem GpA"]
[Site "Grodzisk Mazowiecki POL"]
[Date "2007.07.25"]
[Round "6"]
[White "Malaniuk,V"]
[Black "Sergeev,Vl"]
[Result "1-0"]
[WhiteElo "2522"]
[BlackElo "2488"]

1.d4 Nf6 2.Nf3 d5 3.c4 c6 4.Nc3 a6 5.a4 e6 6.Bg5 Be7 7.e3 O-O 8.Be2 h6 9.Bh4 b6
10.O-O Nbd7 11.cxd5 cxd5 12.Qb3 Bb7 13.Rfc1 Rc8 14.Na2 g5 15.Rxc8 Bxc8 16.Bg3 Ne4
17.Rc1 Nxg3 18.hxg3 Bb7 19.Nb4 Nb8 20.Ne5 Qd6 21.Nbd3 Kg7 22.Bh5 Bd8 23.Nxf7 Rxf7
24.Bxf7 Kxf7 25.Ne5+ Kf8 26.Qd3 Nd7 27.f4 gxf4 28.gxf4 Nf6 29.Qg6 Qe7 30.Qxh6+ Qg7
31.Qxg7+ Kxg7 32.g4 Ne4 33.g5 Nd6 34.Nc6 Bxc6 35.Rxc6 Nc4 36.Rc8 Be7 37.Rc7 Kf8
38.Rc8+ Kf7 39.Rc7 Kf8 40.b3 Nxe3 41.Rc6 Nf5 42.Rxe6 Nxd4 43.Rxb6 a5 44.Kg2 Bb4
45.Kg3 Nxb3 46.f5 Nc5 47.f6 Kf7 48.Kg4 Kg6 49.Rd6 Nxa4 50.Rd7 Bf8 51.Rd8 Bb4
52.Rh8 Nc5 53.Rh6+ Kf7 54.Kf5 Ne4 55.Rh7+ Kg8 56.Rg7+ Kf8 57.Ra7 Nxg5 58.Kxg5 Ke8
59.Kf5 Kd8 60.Ke6 d4 61.f7 Kc8 62.Rxa5  1-0

[Event "Najdorf Mem GpA"]
[Site "Grodzisk Mazowiecki POL"]
[Date "2007.07.26"]
[Round "7"]
[White "Sergeev,Vl"]
[Black "Stoma,P"]
[Result "1-0"]
[WhiteElo "2488"]
[BlackElo "2233"]

1.d4 d5 2.c4 c6 3.Nc3 Nf6 4.Nf3 a6 5.c5 Nbd7 6.Bf4 Nh5 7.Bd2 Nhf6 8.h3 Qc7
9.g3 g6 10.Bf4 Qd8 11.Bg2 Bg7 12.O-O O-O 13.Qd2 Qe8 14.Bc7 Ne4 15.Qf4 Ndf6
16.Na4 Nd7 17.Rfd1 f6 18.Qc1 Rf7 19.Nd2 Ng5 20.Nb3 e5 21.dxe5 Bh6 22.e6 Qxe6
23.Kf1 Ne5 24.Nb6 Rxc7 25.Nxa8 Re7 26.Nd4 Qf7 27.Nb6 Bxh3 28.Bxh3 Nxh3 29.Qxh6 Nxf2
30.Nc8 Neg4 31.Nxe7+ Qxe7 32.Qf4 Nxd1 33.Qb8+ Kg7 34.Rxd1 Qe4 35.Qc7+ Kg8
36.Ke1 Ne3 37.Qd8+ Kg7 38.Qc7+ Kg8 39.Rd3 Nc4 40.Qc8+ Kg7 41.Qxb7+ Kh6 42.Kd1 Ne5
43.Qxa6 Kh5 44.b3 Nxd3 45.Qxd3 Qh1+ 46.Kd2 Qa1 47.Qf3+ Kh6 48.Qe3+ Kg7 49.a4  1-0

[Event "Najdorf Mem GpA"]
[Site "Grodzisk Mazowiecki POL"]
[Date "2007.07.26"]
[Round "7"]
[White "Cyborowski,L"]
[Black "Piorun,K"]
[Result "1-0"]
[WhiteElo "2560"]
[BlackElo "2359"]

1.d4 d5 2.Nf3 Nf6 3.c4 c6 4.Nc3 a6 5.c5 Bf5 6.Bf4 Nbd7 7.e3 e6 8.Be2 Be7
9.Nd2 Bg6 10.O-O O-O 11.b4 Qc8 12.a4 b6 13.cxb6 Nxb6 14.Na2 Ne4 15.Nxe4 Bxe4
16.a5 Nd7 17.Bd3 Bxd3 18.Qxd3 Qb7 19.Qc3 Rac8 20.Rfb1 f6 21.Nc1 e5 22.Bg3 e4
23.Nb3 Qxb4 24.Qc2 Qc4 25.Qxc4 dxc4 26.Nd2 c5 27.d5 c3 28.Nxe4 f5 29.Nxc3 Bf6
30.Ra3 Ne5 31.Na4 Nc4 32.Ra2 Rcd8 33.Nb6 Nd6 34.Rc2 Ne4 35.Bc7 Rde8 36.Rbc1 Rf7
37.d6  1-0

[Event "11th Festival Open A"]
[Site "Senta SRB"]
[Date "2007.07.26"]
[Round "8"]
[White "Damjanovic,D"]
[Black "Guzsvany,A"]
[Result "1-0"]
[WhiteElo "2285"]
[BlackElo "2049"]

1.d4 d5 2.c4 c6 3.Nf3 Nf6 4.Nc3 a6 5.a4 e6 6.g3 dxc4 7.Bg2 c5 8.O-O Nc6 9.Ne5 Nxd4
10.Nxc4 Be7 11.Bf4 Nd5 12.Be5 O-O 13.a5 f6 14.Nxd5 exd5 15.Nb6 fxe5 16.Nxa8 Bg4
17.f3 Bf5 18.Nb6 Bc2 19.Qd2 Bg5 20.e3 Nb3 21.Qxc2 Bxe3+ 22.Kh1 Nxa1 23.Rxa1 c4
24.Rd1 Bxb6 25.axb6 Qxb6 26.Rxd5 Qe3 27.Qxc4 Qe1+ 28.Bf1 Kh8 29.Qe2 Qc1 30.Rxe5 Qc6
31.h4 h6 32.Bg2  1-0

[Event "MTO"]
[Site "Biel SUI"]
[Date "2007.07.28"]
[Round "6"]
[White "Golod,V"]
[Black "Milliet,S"]
[Result "1-0"]
[WhiteElo "2589"]
[BlackElo "2414"]

1.d4 d5 2.c4 c6 3.Nf3 Nf6 4.Nc3 a6 5.c5 Nbd7 6.Bf4 Nh5 7.Bg5 h6 8.Bd2 Nhf6
9.Bf4 Nh5 10.Be5 Nxe5 11.Nxe5 Nf6 12.e3 Nd7 13.f4 Nxe5 14.fxe5 g6 15.Bd3 Bg7
16.O-O O-O 17.Qe1 Rb8 18.Qg3 Be6 19.Ne2 g5 20.h4 f6 21.hxg5 fxg5 22.Rxf8+ Qxf8
23.Rf1 Qc8 24.Nf4 Bf7 25.e6 Be8 26.Qg4 gxf4 27.Rxf4 Bh5 28.Qf5  1-0

[Event "MTO"]
[Site "Biel SUI"]
[Date "2007.07.30"]
[Round "7"]
[White "Cebalo,M"]
[Black "Kritz,L"]
[Result "0-1"]
[WhiteElo "2533"]
[BlackElo "2571"]

1.d4 d5 2.c4 c6 3.Nf3 Nf6 4.Nc3 a6 5.c5 Bf5 6.Bf4 Nbd7 7.h3 e6 8.e3 Be7 9.Bd3 Qc8
10.O-O O-O 11.b4 Re8 12.a4 Bxd3 13.Qxd3 a5 14.b5 Bxc5 15.dxc5 e5 16.Nxe5 Nxe5
17.Bxe5 Rxe5 18.Rac1 Nd7 19.Ne2 Re8 20.Ng3 Ne5 21.Qc3 f5 22.f3 Qe6 23.e4 fxe4
24.fxe4 d4 25.Qxd4 Rad8 26.Qe3 Rd3 27.Qf2 g6 28.Rcd1 Qc4 29.Rxd3 Nxd3 30.Qf6 Qxc5+
31.Kh2 Ne5 32.bxc6 Qxc6 33.Qxc6 Nxc6 34.Rd1 Kf7 35.Kg1 Ke6 36.Kf2 Nb4 37.Ke3 Rc8
38.Ne2 Rc4 39.Rd8 Nc6 40.Nf4+ Kf6 41.Rd7 Rxa4 42.Rxb7 Ra3+ 43.Kf2 Ke5 44.Ne2 Kxe4
45.Rxh7 Ra2 46.Rh4+ Kd3  0-1

[Event "12th Open"]
[Site "Creon FRA"]
[Date "2007.07.30"]
[Round "1"]
[White "Morel,J"]
[Black "Prie,E"]
[Result "0-1"]
[WhiteElo "1994"]
[BlackElo "2518"]

1.d4 d5 2.c4 c6 3.Nc3 Nf6 4.Nf3 a6 5.cxd5 cxd5 6.h3 Nc6 7.Bf4 Ne4 8.Qb3 e6
9.e3 Nxc3 10.bxc3 Be7 11.Bd3 b5 12.O-O g5 13.Bh2 h5 14.Ne5 Nxe5 15.Bxe5 f6
16.Bg6+ Kf8 17.Bh2 f5 18.Qd1 g4 19.hxg4 hxg4 20.f3 Rxh2 21.fxg4 Bd6 22.Qf3 Qh4
23.g3 Bxg3 24.gxf5 e5 25.dxe5 Bb7 26.e6 d4 27.e7+ Kg8 28.e8=Q+ Rxe8 29.Bf7+ Kf8  0-1

[Event "12th Open"]
[Site "Creon FRA"]
[Date "2007.08.02"]
[Round "5"]
[White "Gozzoli,Y"]
[Black "Prie,E"]
[Result "1/2-1/2"]
[WhiteElo "2470"]
[BlackElo "2518"]

1.d4 d5 2.c4 c6 3.Nc3 Nf6 4.Nf3 a6 5.Ne5 Nbd7 6.Bf4 dxc4 7.Nxc4 b5 8.Ne5 Bb7
9.e3 e6 10.Qf3 Nd5 11.Bd3 Bb4 12.O-O Bxc3 13.bxc3 O-O 14.Bg5 Qc7 15.Nxd7 Qxd7
16.c4 Nb4 17.Bxh7+ Kxh7 18.Qh5+ Kg8 19.Bf6 gxf6 20.Qg4+ Kh7 21.Qh5+ Kg7 22.Qg4+ Kh7
23.Qh5+ Kg7 24.Qg4+  1/2-1/2

[Event "MTO"]
[Site "Biel SUI"]
[Date "2007.08.03"]
[Round "11"]
[White "Ulibin,M"]
[Black "Kritz,L"]
[Result "1-0"]
[WhiteElo "2514"]
[BlackElo "2571"]

1.d4 d5 2.c4 c6 3.Nf3 Nf6 4.Nc3 a6 5.Ne5 e6 6.g3 Nbd7 7.Bg2 Nxe5 8.dxe5 Nd7
9.cxd5 exd5 10.e4 d4 11.Qxd4 Bc5 12.Qd3 Nxe5 13.Qxd8+ Kxd8 14.f4 Nd3+ 15.Ke2 Nxc1+
16.Raxc1 Be7 17.Rhd1+ Ke8 18.Na4 Be6 19.b3 f6 20.f5 Bf7 21.Rd3 Rd8 22.Rcd1 Rxd3
23.Rxd3 Bb4 24.Nb6 Bh5+ 25.Bf3 Bxf3+ 26.Kxf3 Rf8 27.Rd7 Rf7 28.Rxf7 Kxf7
29.e5 fxe5 30.Ke4 Ke7 31.Nc4 Bc3 32.g4 Kf6 33.h4 h6 34.Nb6 Be1 35.Nd7+ Ke7
36.Nxe5 Bxh4 37.Ng6+ Kf6 38.Nxh4 Kg5 39.f6 gxf6 40.Nf5 c5 41.Nd6 b5 42.Kf3 f5
43.gxf5 c4 44.Ke4 c3 45.Kd3 h5 46.Ne4+ Kxf5 47.Ng3+ Ke5 48.Nxh5 b4 49.Ng3 Kd5
50.Nf5 Kc5 51.Ne3 a5 52.Ke4 a4 53.Ke5  1-0

[Event "12th Open"]
[Site "Creon FRA"]
[Date "2007.08.03"]
[Round "7"]
[White "Delorme,L"]
[Black "Rodier,D"]
[Result "1/2-1/2"]
[WhiteElo "2040"]
[BlackElo "2137"]

1.d4 Nf6 2.Nf3 d5 3.c4 c6 4.Nc3 a6 5.e3 Bg4 6.h3 Bc8 7.Qc2 g6 8.Bd3 Bg7 9.O-O O-O
10.b3 b5 11.Bb2 Nbd7 12.Rad1 Bb7 13.Rfe1 bxc4 14.bxc4 dxc4 15.Bxc4 Nb6 16.Bb3 Qc7
17.Ba3 a5 18.Na4 Nxa4 19.Bxa4 Nd5 20.Rb1 Rfc8 21.Bc5 Nb4 22.Qd2 Ba6 23.Bxb4 axb4
24.Rec1 Qd6 25.Qxb4 Bd3 26.Bc2 Qxb4 27.Rxb4 c5 28.Ra4 Bxc2 29.Rxa8 Rxa8 30.Rxc2 cxd4
31.Nxd4 Bxd4 32.exd4 Ra4 33.Rd2 Kg7 34.Kf1 Kf6 35.Ke2 Ra3 36.Kd1 Ke6 37.Kc1 Kd5
38.Kb2 Ra7 39.Kc3 Ra4 40.Kb3 Ra7  1/2-1/2

[Event "FSIMA August"]
[Site "Budapest HUN"]
[Date "2007.08.06"]
[Round "1"]
[White "Turzo,A"]
[Black "Kahn,E"]
[Result "1/2-1/2"]
[WhiteElo "2338"]
[BlackElo "2347"]

1.d4 d5 2.c4 c6 3.Nf3 Nf6 4.Nc3 a6 5.cxd5 cxd5 6.Bg5 Nc6 7.e3 Bg4 8.Be2 e6
9.O-O Be7 10.h3 Bxf3 11.Bxf3 h6 12.Bh4 Nd7 13.Bxe7 Qxe7 14.Qd2 O-O 15.Rac1 Rac8
16.Rc2 Rc7 17.Rfc1 Rfc8 18.Na4 Qd6 19.Nc5 Nxc5 20.Rxc5  1/2-1/2

[Event "Open"]
[Site "Dubna RUS"]
[Date "2007.08.06"]
[Round "4"]
[White "Arakelov,I"]
[Black "Volodin,Alex"]
[Result "1-0"]
[WhiteElo "2389"]
[BlackElo "2311"]

1.d4 d5 2.c4 c6 3.Nc3 Nf6 4.Nf3 a6 5.a4 e6 6.Bg5 Be7 7.e3 O-O 8.Qc2 h6 9.Bh4 Re8
10.Bd3 dxc4 11.Bxc4 c5 12.dxc5 Qa5 13.O-O Qxc5 14.Qe2 Bd7 15.Rfd1 Bc6 16.Nd4 Qh5
17.Bg3 Qxe2 18.Bxe2 Bd5 19.Nxd5 Nxd5 20.Bf3 Nd7 21.e4 N5f6 22.e5 Nd5 23.Bxd5 exd5
24.Nf5 Nb6 25.a5 Nd7 26.Rxd5 Nf8 27.Rc1 Bb4 28.Nd6 Re7 29.f4 Ne6 30.Nf5 Rc7
31.Rxc7 Nxc7 32.Rd7 Bxa5 33.Nd6 Bb6+ 34.Kf1 Re8 35.Nc4 Na8 36.Rxb7 Bd4 37.Bf2 Bxf2
38.Kxf2 Rc8 39.b3 a5 40.Ke2 g6 41.g3  1-0

[Event "FSIMA August"]
[Site "Budapest HUN"]
[Date "2007.08.07"]
[Round "2"]
[White "Pitl,G"]
[Black "Turzo,A"]
[Result "1-0"]
[WhiteElo "2387"]
[BlackElo "2338"]

1.d4 d5 2.c4 c6 3.Nf3 Nf6 4.Nc3 a6 5.c5 Bf5 6.Bf4 e6 7.e3 Be7 8.Nd2 Nbd7
9.Be2 Qc8 10.g4 Bg6 11.g5 Ng8 12.b4 h6 13.gxh6 Nxh6 14.Rg1 Bd8 15.e4 Bc7
16.e5 Nf5 17.Nb3 Ne7 18.Bg3 f6 19.f4 Nf5 20.a4 Nxg3 21.hxg3 Qd8 22.Qd2 Rh2
23.O-O-O Ke7 24.Qe3 Qh8 25.Nd2 Qh3 26.Nf3 Rg2 27.Rxg2  1-0

[Event "KRK WGM"]
[Site "Dobrinj CRO"]
[Date "2007.08.07"]
[Round "3"]
[White "Srebrnic,A"]
[Black "Kruljac,P"]
[Result "1-0"]
[WhiteElo "2276"]
[BlackElo "2054"]

1.Nf3 d5 2.d4 Nf6 3.c4 c6 4.Nc3 a6 5.c5 Nbd7 6.Bf4 Nh5 7.g3 g6 8.Bg2 Bg7
9.O-O O-O 10.Qd2 Nxf4 11.gxf4 Nf6 12.Ne5 Bf5 13.Na4 Nh5 14.Nb6 Ra7 15.f3 f6
16.Ng4 Qc7 17.e3 e5 18.fxe5 fxe5 19.Nxe5 Bxe5 20.dxe5 Qxe5 21.Qd4 Qxd4 22.exd4 Re8
23.Rfe1 Rxe1+ 24.Rxe1 Kf7 25.Kf2 Nf4 26.Bf1 a5 27.b3 Nh5 28.Ke3 Nf6 29.Bd3 Be6
30.Kf4 Bh3 31.Kg5 Be6 32.Kh6 Bh3 33.Kg5 Be6 34.h4 Nh5 35.Bc2 Bh3 36.Kh6 Nf6
37.Rg1 Kg8 38.h5 Nxh5 39.Bxg6 hxg6 40.Rxg6+ Kf7 41.Kxh5 Bf5 42.Rg2 Kf6 43.a4 Ra6
44.Kh4 Be6 45.Kg3 Kf5 46.Rh2 Ra7 47.Rh5+ Kf6 48.Kf4 Bf7 49.Rf5+ Kg7 50.Ke5  1-0

[Event "Open"]
[Site "Kavala GRE"]
[Date "2007.08.07"]
[Round "4"]
[White "Chigladze,I"]
[Black "Szuhanek,R"]
[Result "1/2-1/2"]
[WhiteElo "2341"]
[BlackElo "2475"]

1.d4 d5 2.c4 c6 3.Nf3 Nf6 4.Nc3 a6 5.a4 e6 6.e3 c5 7.Be2 Nc6 8.cxd5 exd5
9.O-O Bd6 10.b3 O-O 11.Ba3 b6 12.Rc1 Re8 13.Nb1 Ne4 14.dxc5 bxc5 15.Nfd2 Nb4
16.Nxe4 dxe4 17.Nd2 Qf6 18.Nc4 Rd8 19.Nxd6 Rxd6 20.Qe1 Nd3 21.Bxd3 Rxd3 22.Bxc5 Rxb3
23.Bd4 Qg6 24.Kh1 h6 25.Qa5 Bg4 26.Qe5 Be2 27.Rfe1 Bd3 28.h3 Rab8 29.a5 Qg5
30.Qxg5 hxg5 31.Bb6 Re8 32.Rc5 f6 33.Rc7 Rb2 34.Kg1 Rb1 35.Rxb1 Bxb1 36.g4 Bd3
37.Kg2 Be2 38.Kg3 Re6 39.Bd4 Kh7 40.h4 gxh4+ 41.Kxh4 Kg6 42.Kg3 Rd6 43.Kf4 Bf3
44.Bc5 Rd8 45.Be7 Rh8 46.Kg3 Re8 47.Kf4 Rb8 48.Ra7 Re8 49.Bd6 Be2 50.Be7  1/2-1/2

[Event "Scandinavian Chess Tournament"]
[Site "Taby SWE"]
[Date "2007.08.07"]
[Round "5"]
[White "Bjarnehag,P"]
[Black "Agrest,E"]
[Result "0-1"]
[WhiteElo "2192"]
[BlackElo "2541"]

1.d4 d5 2.c4 c6 3.Nc3 Nf6 4.Nf3 a6 5.a4 e6 6.g3 dxc4 7.Bg2 c5 8.dxc5 Qxd1+
9.Nxd1 Nc6 10.Ne3 c3 11.bxc3 Bxc5 12.O-O Ne4 13.Ne5 Nxe5 14.Bxe4 O-O 15.Ba3 Bxa3
16.Rxa3 Rb8 17.Rd1 Nd7 18.Nc4 Nc5 19.Bf3 Bd7 20.Nb6 Rfd8 21.Ra2 Bc6 22.Rad2 Rxd2
23.Rxd2 Bxa4 24.Nxa4 Nxa4 25.Bxb7 Nc5 26.Bf3 Kf8 27.Ra2 Ke7 28.Ra5 Kd6 29.Ra3 Rb3  0-1

[Event "Scandinavian Chess Tournament"]
[Site "Taby SWE"]
[Date "2007.08.07"]
[Round "6"]
[White "Lindberg,Bo"]
[Black "Nygren,K"]
[Result "1-0"]
[WhiteElo "2361"]
[BlackElo "2247"]

1.d4 d5 2.Nf3 Nf6 3.c4 c6 4.Nc3 a6 5.cxd5 cxd5 6.Bg5 b5 7.Qb3 e6 8.Rc1 Nbd7
9.e3 Be7 10.Bd3 O-O 11.O-O Nb6 12.Ne5 Bd7 13.Qd1 Nc4 14.Qe2 Ra7 15.f4 g6
16.Rf3 Nd6 17.Qe1 Nfe4 18.Bxe4 dxe4 19.Bxe7 Qxe7 20.Rf2 Rc7 21.Nd5 exd5 22.Rxc7 Rd8
23.Nc6 Qe8 24.Nxd8 Qxd8 25.Rfc2 Nf5 26.Ra7 Be6 27.Rxa6 Kg7 28.Rc5 g5 29.Qf2 g4
30.g3 h5 31.Qe2 b4 32.a3 Qb8 33.a4 b3 34.Qb5 Qd8 35.Qe2 Qb8 36.Rc3 Bd7 37.Qd1 Qb7
38.Ra5 Be6 39.Qxb3 Qe7 40.Qd1 Qf6 41.b4 Qg6 42.Qe1 h4 43.Rc2 Qf6 44.Qf2 Qe7
45.Rcc5 Qb7 46.b5 Bc8 47.Qe1 Be6 48.Ra6 Qe7 49.Qe2 Nd6 50.Rcc6 Ne8 51.Rxe6 Qa3
52.Qxg4+ Kf8 53.Rxe8+ Kxe8 54.Qc8+  1-0